[Event "SR 2. liga A 2014/2015"]
[Site "?"]
[Date "2015.03.08"]
[Round "11.5"]
[White "Micek, Jaroslav"]
[Black "Machalova, Maria"]
[Result "1-0"]
[WhiteElo "2112"]
[BlackElo "2096"]
[PlyCount "87"]
[EventDate "2014.??.??"]

1. e4 c5 2. Nf3 Nc6 3. Nc3 g6 4. h4 h5 5. Bc4 Bg7 6. d3 d6 7. Ng5 e6 8. a3 a6
9. O-O Nge7 10. Ba2 Nd4 11. Ne2 Nxe2+ 12. Qxe2 Nc6 13. c3 Qe7 14. f4 f6 15. Nf3
e5 16. fxe5 dxe5 17. Qf2 Bg4 18. Be3 b6 19. Bd5 Rc8 20. Qg3 f5 21. exf5 gxf5
22. Rae1 Qd6 23. Bxc6+ Rxc6 24. Nxe5 Bxe5 25. Bf4 O-O 26. Rxe5 Qg6 27. Rfe1
Rcf6 28. d4 cxd4 29. cxd4 Qf7 30. d5 Rg6 31. d6 Be2 32. Qc3 Bb5 33. Re7 Qd5 34.
g3 Bc6 35. R1e2 Qh1+ 36. Kf2 Qg2+ 37. Ke1 Qh1+ 38. Kd2 Qd5+ 39. Kc2 Ba4+ 40. b3
Bb5 41. Rd2 Qa8 42. Kb2 Rc8 43. Rc7 Re8 44. Bh6 1-0

[Event "SR 2. liga A 2014/2015"]
[Site "?"]
[Date "2015.03.08"]
[Round "11.5"]
[White "Sahidi, Samir"]
[Black "Dujava, Daniel"]
[Result "0-1"]
[WhiteElo "2026"]
[BlackElo "2078"]
[PlyCount "90"]
[EventDate "2014.??.??"]

1. c4 Nf6 2. Nc3 c5 3. g3 e6 4. Nf3 b6 5. Bg2 Bb7 6. O-O Be7 7. d4 cxd4 8. Nxd4
Bxg2 9. Kxg2 Qc8 10. Qd3 Qc7 11. e4 Nc6 12. Nxc6 Qxc6 13. f3 d6 14. Rd1 O-O 15.
b3 a6 16. Ba3 Rfd8 17. Rac1 Qb7 18. Rc2 Rab8 19. Rcd2 h6 20. f4 b5 21. cxb5
axb5 22. Bb4 Bf8 23. Qe2 d5 24. Bxf8 Kxf8 25. b4 Rdc8 26. Qe3 Rxc3 27. Qxc3
Nxe4 28. Qe5 Nxd2 29. Rxd2 Rc8 30. f5 Qc7 31. Qe2 Qc3 32. fxe6 fxe6 33. Kh3 Rc4
34. Rd3 Qc2 35. Qe3 Re4 36. Qf3+ Kg8 37. Rc3 Qe2 38. Rc8+ Kh7 39. Qf7 Qg4+ 40.
Kg2 Re2+ 41. Kf1 Qe4 42. Qg8+ Kg6 43. Qe8+ Kg5 44. Qe7+ Kh5 45. Qf7+ g6 0-1

[Event "SR 2. liga A 2014/2015"]
[Site "?"]
[Date "2015.03.08"]
[Round "11.5"]
[White "Pytlik, Pavol"]
[Black "Sklars, Tomas"]
[Result "1-0"]
[WhiteElo "2027"]
[BlackElo "2005"]
[PlyCount "119"]
[EventDate "2014.??.??"]

1. e4 c5 2. Nc3 Nc6 3. f4 g6 4. Nf3 Bg7 5. Bb5 a6 6. Bxc6 bxc6 7. O-O d5 8. d3
Nf6 9. Qe1 e6 10. Na4 Nd7 11. e5 Rb8 12. b3 Qc7 13. Ba3 Bf8 14. c4 Qa7 15. Qf2
a5 16. Rac1 d4 17. Ng5 Be7 18. Ne4 Kf8 19. Nexc5 Nxc5 20. Qxd4 Rb4 21. Bxb4
axb4 22. Kh1 Qa5 23. Nxc5 Bxc5 24. Qe4 Bb7 25. d4 Bb6 26. Rc2 Ke7 27. h3 Rd8
28. Rd1 Qa8 29. c5 Ba5 30. Qe1 Rd5 31. Qh4+ Ke8 32. Qxh7 Qa6 33. Qh8+ Ke7 34.
Qf6+ Kf8 35. Qh8+ Ke7 36. Qh4+ Kf8 37. g4 Bd8 38. Qh8+ Ke7 39. f5 gxf5 40. gxf5
exf5 41. Qf6+ Ke8 42. Qh8+ Kd7 43. Qf8 Ke6 44. Qh6+ Kd7 45. Qf8 Kc8 46. Qxf7
Kb8 47. Qxf5 Bc8 48. Qf3 Qa7 49. Rc4 Qh7 50. Rxb4+ Kc7 51. Rf1 Be6 52. Ra4 Kd7
53. Kh2 Bc7 54. Rf2 Qh8 55. Kg1 Bd8 56. Kg2 Qh7 57. Ra7+ Bc7 58. Ra8 Qg6+ 59.
Kh2 Rxd4 60. Ra7 1-0

[Event "SR 2. liga A 2014/2015"]
[Site "?"]
[Date "2015.03.08"]
[Round "11.5"]
[White "Macko, Miroslav"]
[Black "Puchovsky, Ladislav"]
[Result "1-0"]
[WhiteElo "2010"]
[BlackElo "1949"]
[PlyCount "72"]
[EventDate "2014.??.??"]

1. e4 e6 2. d4 d5 3. Nc3 Bb4 4. e5 c5 5. a3 Bxc3+ 6. bxc3 Qc7 7. Nf3 Bd7 8. Bd3
c4 9. Be2 Ba4 10. Nh4 Nc6 11. f4 O-O-O 12. f5 Rf8 13. O-O Qe7 14. g3 h6 15.
fxe6 g5 16. Rxf7 Rxf7 17. Ng6 Rf8 18. Nxe7+ Ngxe7 19. Be3 Kc7 20. Qd2 Nd8 21.
Bxc4 b5 22. Bb3 Rf3 23. Rf1 Rhf8 24. Rxf3 Rxf3 25. Kg2 Bxb3 26. Kxf3 Bc4 27.
Bxg5 hxg5 28. Qxg5 Nec6 29. h4 a5 30. h5 b4 31. cxb4 Nxd4+ 32. Ke3 N4c6 33. h6
d4+ 34. Kd2 d3 35. cxd3 Bxd3 36. h7 Nd4 1-0

[Event "SR 2. liga A 2014/2015"]
[Site "?"]
[Date "2015.03.08"]
[Round "11.5"]
[White "Prochazka, Jaromir"]
[Black "Macko, Peter"]
[Result "1/2-1/2"]
[WhiteElo "1945"]
[BlackElo "1900"]
[PlyCount "144"]
[EventDate "2014.??.??"]

1. Nf3 Nf6 2. c4 c5 3. Nc3 Nc6 4. d4 cxd4 5. Nxd4 d5 6. cxd5 Nxd5 7. Ndb5 Nf6
8. Bf4 e5 9. Qxd8+ Kxd8 10. O-O-O+ Bd7 11. Bg5 Be7 12. h3 a6 13. Nd6 Bxd6 14.
Rxd6 Kc7 15. Rd2 Be6 16. e4 Rhd8 17. Bd3 Rac8 18. Rhd1 Nd4 19. Kb1 Kb8 20. f3
Rc5 21. Bf1 Rcc8 22. Be3 Nc6 23. Bb6 Rxd2 24. Rxd2 Nd7 25. Be3 Na5 26. Na4 Nc4
27. Bxc4 Rxc4 28. Nb6 Nxb6 29. Bxb6 Rc6 30. Rd8+ Bc8 31. Be3 Kc7 32. Rd2 Be6
33. Rd1 Rc4 34. Rc1 Rxc1+ 35. Bxc1 Bc4 36. g3 Kc6 37. Kc2 Bf1 38. h4 Bg2 39. f4
Bxe4+ 40. Kc3 Kd5 41. a3 exf4 42. Bxf4 Ke6 43. Kd4 Bc6 44. Bb8 Kf5 45. Ke3 Kg4
46. Kf2 g5 47. hxg5 Kxg5 48. Bc7 Kg4 49. Bd6 h5 50. Ke3 f5 51. Bc7 Ba4 52. Bb8
h4 53. gxh4 Kxh4 54. Bc7 Kg4 55. Bd6 Kg5 56. Be5 Bc2 57. Kf3 Kg6 58. Ke3 Kf7
59. Kd4 Kg6 60. Ke3 Kf7 61. Kd4 Ke6 62. Bf4 Kd7 63. Kc5 Bb1 64. Bg3 Ke6 65. Bf4
Kf6 66. Kd4 Kg6 67. Ke3 Kh5 68. Bc7 Kg4 69. Bd6 Kh3 70. Kf2 Bc2 71. Bc7 Kg4 72.
Ke3 Bb1 1/2-1/2

[Event "SR 2. liga A 2014/2015"]
[Site "?"]
[Date "2015.03.08"]
[Round "11.6"]
[White "Oprea, Erik"]
[Black "Janos, Jozef"]
[Result "1/2-1/2"]
[WhiteElo "2163"]
[BlackElo "2151"]
[PlyCount "30"]
[EventDate "2014.??.??"]

1. e4 c5 2. b4 cxb4 3. d4 e6 4. d5 Qf6 5. c3 bxc3 6. Qc2 exd5 7. exd5 Qe5+ 8.
Be2 Nf6 9. Kf1 Nxd5 10. Nf3 Qc7 11. Qe4+ Ne7 12. Bf4 c2 13. Na3 Qc3 14. Nb5
Qxa1+ 15. Ne1 c1=Q 1/2-1/2

[Event "SR 2. liga A 2014/2015"]
[Site "?"]
[Date "2015.03.08"]
[Round "11.6"]
[White "Fabry, Robert"]
[Black "Sosovicka, Matej"]
[Result "1/2-1/2"]
[WhiteElo "2129"]
[BlackElo "2155"]
[PlyCount "21"]
[EventDate "2014.??.??"]

1. e4 c5 2. Nf3 d6 3. d4 cxd4 4. Nxd4 Nf6 5. Nc3 a6 6. Be2 e6 7. Be3 Be7 8. O-O
O-O 9. a4 Nc6 10. Nb3 b6 11. Nd4 1/2-1/2

[Event "SR 2. liga A 2014/2015"]
[Site "?"]
[Date "2015.03.08"]
[Round "11.6"]
[White "Ochrana, Ladislav"]
[Black "Mikulas, Dusan"]
[Result "0-1"]
[WhiteElo "1994"]
[BlackElo "2073"]
[PlyCount "145"]
[EventDate "2014.??.??"]

1. e4 c5 2. Nf3 d6 3. d4 cxd4 4. Nxd4 Nf6 5. Nc3 a6 6. Bd3 Qc7 7. O-O b5 8. a3
Bb7 9. Re1 Nbd7 10. Nf3 e6 11. Qe2 Nc5 12. Bg5 Be7 13. Rac1 O-O 14. e5 dxe5 15.
Nxe5 Rad8 16. Bh4 g6 17. Red1 Nh5 18. Bxe7 Qxe7 19. Qe3 f5 20. b4 Nxd3 21. Nxd3
Qf6 22. Nc5 Bc8 23. Rxd8 Rxd8 24. Re1 Rd6 25. a4 bxa4 26. N3xa4 e5 27. g4 Nf4
28. Nd3 Nxd3 29. cxd3 Rd5 30. g5 Qd8 31. Nc5 f4 32. Qf3 Qxg5+ 33. Kf1 Rd8 34.
Qg2 Qh5 35. Kg1 Bg4 36. h4 Qxh4 37. Rxe5 Bh3 38. Qg5 Qxg5+ 39. Rxg5 Bf5 40. Kf1
Bxd3+ 41. Nxd3 Rxd3 42. Ra5 f3 43. Kg1 Rd6 44. Kh2 Kf7 45. Kg3 Rf6 46. Kg4 Ke7
47. b5 axb5 48. Rxb5 h6 49. Rb7+ Ke6 50. Rh7 g5 51. Rh8 Ke5 52. Rh7 Ke4 53.
Re7+ Kd5 54. Re8 Rf4+ 55. Kg3 h5 56. Rg8 Rf5 57. Re8 g4 58. Rd8+ Ke4 59. Rd1
Rd5 60. Ra1 Rb5 61. Ra3 Rd5 62. Ra8 Kd3 63. Ra3+ Ke2 64. Ra2+ Ke1 65. Ra1+ Ke2
66. Ra2+ Rd2 67. Ra1 h4+ 68. Kxh4 Kxf2 69. Kxg4 Kg2 70. Kf4 f2 71. Ke3 Rb2 72.
Ra8 Rb3+ 73. Kd2 0-1

[Event "SR 2. liga A 2014/2015"]
[Site "?"]
[Date "2015.03.08"]
[Round "11.6"]
[White "Kolman, Richard"]
[Black "Szollos, Ondrej"]
[Result "1/2-1/2"]
[WhiteElo "2029"]
[BlackElo "1972"]
[PlyCount "75"]
[EventDate "2014.??.??"]

1. e4 d6 2. d4 c6 3. Nc3 Qc7 4. f4 Nd7 5. Nf3 e5 6. a4 h6 7. Be2 Be7 8. O-O
Ngf6 9. h3 O-O 10. Be3 a6 11. Qe1 Kh8 12. Qf2 c5 13. dxe5 dxe5 14. f5 b6 15.
Nd5 Nxd5 16. exd5 Nf6 17. c4 Ne4 18. Qe1 Bxf5 19. Nh4 Bh7 20. Nf5 Nd6 21. g4
Bxf5 22. gxf5 Bf6 23. Qf2 a5 24. Rad1 Qe7 25. b3 Kh7 26. Qg2 Bg5 27. Bxg5 Qxg5
28. Qxg5 hxg5 29. Bg4 Kh6 30. Rde1 f6 31. Kg2 g6 32. fxg6 f5 33. Rxe5 Kxg6 34.
Re6+ Rf6 35. Rxd6 Rxd6 36. Bxf5+ Kg7 37. Be6 Rf8 38. Re1 1/2-1/2

[Event "SR 2. liga A 2014/2015"]
[Site "?"]
[Date "2015.03.08"]
[Round "11.6"]
[White "Kucera, Michal"]
[Black "Hecht, Tomas"]
[Result "1/2-1/2"]
[WhiteElo "1934"]
[BlackElo "1970"]
[PlyCount "36"]
[EventDate "2014.??.??"]

1. e4 c5 2. Nf3 Nc6 3. d4 cxd4 4. Nxd4 g6 5. c4 Bg7 6. Be3 Nf6 7. Nc3 Ng4 8.
Qxg4 Nxd4 9. Qd1 e5 10. Bd3 O-O 11. O-O d6 12. f4 f5 13. Qd2 Be6 14. Rad1 fxe4
15. Nxe4 d5 16. cxd5 Bxd5 17. Nc3 Be6 18. fxe5 Nc6 1/2-1/2

[Event "SR 2. liga A 2014/2015"]
[Site "?"]
[Date "2015.03.08"]
[Round "11.6"]
[White "Kostial, Jan"]
[Black "Hurban, Martin"]
[Result "0-1"]
[WhiteElo "1000"]
[BlackElo "1930"]
[PlyCount "68"]
[EventDate "2014.??.??"]

1. d4 d5 2. Nf3 Nf6 3. g3 e6 4. Bg2 c5 5. c3 Nc6 6. Bg5 h6 7. Bxf6 Qxf6 8. O-O
Be7 9. Nbd2 cxd4 10. Nxd4 Nxd4 11. cxd4 Qxd4 12. e4 dxe4 13. Nxe4 Qb6 14. Qc2
Bd7 15. Rfd1 Rc8 16. Qd2 Rd8 17. Nd6+ Bxd6 18. Qxd6 Qxd6 19. Rxd6 Ke7 20. Rd4
b6 21. Bb7 Bc8 22. Rxd8 Rxd8 23. Bf3 Rd2 24. b4 e5 25. b5 Bf5 26. Bc6 Bd3 27.
a4 Bc4 28. a5 bxa5 29. Rxa5 Ra2 30. Rxa2 Bxa2 31. Kg2 Kd6 32. f4 exf4 33. gxf4
Bd5+ 34. Bxd5 Kxd5 0-1

[Event "SR 2. liga A 2014/2015"]
[Site "?"]
[Date "2014.10.12"]
[Round "2.4"]
[White "Hecko, Dusan"]
[Black "Micek, Jaroslav"]
[Result "1-0"]
[WhiteElo "2105"]
[BlackElo "2112"]
[Annotator "Fritz 12 (20s)"]
[PlyCount "55"]
[EventDate "2014.??.??"]

{A89: Dutch Defence: Leningrad System: 5 Nf3 0-0 6 0-0 d6 7 Nc3 Nc6} 1. c4 f5
2. Nc3 Nf6 3. Nf3 g6 4. g3 Bg7 5. Bg2 d6 6. d4 O-O 7. O-O Nc6 8. d5 Ne5 9. Nxe5
dxe5 10. b3 $2 (10. e4 f4 11. gxf4 exf4 12. e5 Ng4 13. e6 Ne5 14. Re1 Nxc4 15.
Re4 Nd6 16. Rxf4 $14) 10... a6 {N} (10... e4 11. Qc2 e6 12. Ba3 Rf7 13. dxe6
Bxe6 14. Rad1 Qe8 15. Nb5 $11) 11. Bb2 g5 12. Qd2 h6 13. Rad1 Qe8 14. c5 Qh5
15. d6 exd6 16. cxd6 c6 (16... cxd6 17. Qxd6 e4 $18) (16... Rd8 17. Nd5 Rxd6
18. Qc2 Nxd5 19. Bxd5+ Kh8 20. Qxc7 $16) 17. Na4 Be6 $2 18. Nc5 Qf7 $2 19. Bxe5
Rad8 20. Qb4 Bc8 21. Bxf6 Bxf6 22. d7 $1 Bxd7 23. Qxb7 Be8 24. Bxc6 Qxb7 25.
Bxb7 Bb5 26. Bxa6 Bxa6 27. Nxa6 Ra8 28. Rd6 1-0

[Event "SR 2. liga A 2014/2015"]
[Site "?"]
[Date "2015.02.01"]
[Round "7.5"]
[White "Hecko, Dusan"]
[Black "Puchart, Vladimir"]
[Result "1-0"]
[WhiteElo "2105"]
[BlackElo "2031"]
[Annotator "Fritz 12 (20s)"]
[PlyCount "77"]
[EventDate "2014.??.??"]

{D14: Slav Defence: Exchange variation with ...Bf5} 1. c4 c6 2. Nc3 d5 3. cxd5
cxd5 4. d4 Nf6 5. Nf3 Nc6 6. Bf4 Bf5 7. e3 (7. Qb3 $2 Na5) (7. Ne5 Nxe5 8. Bxe5
Nd7 9. Qb3 e6 10. Qxb7 Qc8 11. Qxc8+ Rxc8 12. Bf4 $14) 7... e6 8. Bd3 Bxd3 9.
Qxd3 Bd6 10. Bxd6 Qxd6 11. O-O O-O 12. Rac1 Rac8 13. Rfd1 {N} (13. h3 h6 $11)
13... Rfd8 14. g3 h6 15. Kg2 Qe7 16. h3 Nb4 17. Qb1 Nc6 18. Ne1 $6 e5 19. dxe5
$14 Nxe5 20. Nxd5 $16 Nxd5 21. Rxc8 $2 (21. Rxd5 $142 $5 Rxc1 22. Rxd8+ Qxd8
23. Qxc1 Qd5+ 24. Kg1 $16) 21... Nxe3+ $15 22. fxe3 Rxc8 23. Qe4 Qf6 24. Qxb7
$11 Rc6 25. Rd2 Qf5 26. Qxa7 Qe4+ (26... Rf6 27. Kh2) 27. Kh2 Rc1 28. Qd4 $14
Nf3+ 29. Nxf3 $16 Qxf3 30. Qd8+ Kh7 31. Qd3+ g6 32. Rg2 h5 33. b4 h4 34. gxh4
$16 Rd1 35. Qe2 Qd5 36. Qf2 Ra1 $4 (36... Kg8 $142 $18) 37. h5 $1 g5 38. e4 $1
Qe5+ 39. Qg3 1-0

[Event "SR 2. liga A 2014/2015"]
[Site "?"]
[Date "2015.03.08"]
[Round "11.4"]
[White "Hecko, Dusan"]
[Black "Petreje, Juraj"]
[Result "1/2-1/2"]
[WhiteElo "2105"]
[BlackElo "2060"]
[Annotator "Fritz 12 (20s)"]
[PlyCount "89"]
[EventDate "2014.??.??"]

{B08: Pirc Defence: Classical System} 1. e4 d6 2. d4 Nf6 3. Nc3 g6 4. Nf3 Bg7
5. h3 O-O 6. Bd3 (6. Be3 c6 7. a4 $11) 6... Nc6 7. Be3 e5 8. dxe5 Nxe5 9. Nxe5
dxe5 10. Qd2 (10. Qf3 $16) 10... c6 11. Bh6 Qe7 12. Bxg7 Kxg7 13. g4 Nd7 14.
O-O-O Nc5 15. Rdg1 (15. f4 exf4 16. Qxf4 f6 $11) 15... Ne6 16. h4 Nf4 17. Ne2
$11 Nxe2+ 18. Qxe2 h6 19. Rg3 b5 20. g5 h5 21. Qe3 Be6 22. Kb1 Rfd8 23. f4 exf4
24. Qxf4 Kg8 25. Rc1 Rab8 26. c4 $2 (26. e5 $5 $11) 26... bxc4 $17 27. Bxc4
Bxc4 28. Rxc4 Rd1+ 29. Kc2 Rbd8 30. Rgc3 (30. Rf3 $15) 30... Qd7 31. a3 $2 (31.
Kb3 Rd2 32. a3 c5 $15) 31... Rg1 (31... Ra1 $142 $5 32. Kb3 a5 $19) 32. Kb3 $17
Qd1+ 33. Kb4 (33. Rc2 $5 $15) 33... Rg2 (33... a5+ 34. Kc5 $19) 34. b3 Rg4 35.
Qc7 Rxh4 36. Qxc6 Qd2 37. Qb5 $4 (37. Ka4 $5 $17) 37... Rg4 (37... Rh3 $1 38.
Qe5 Rxc3 39. Rxc3 $19) 38. Rc5 $4 (38. Ka4 $142 $19) 38... Rxe4+ (38... Rg3
$142 $1 39. Qc6 Rxc3 40. Rxc3 Rd3 $19) 39. Ka5 Re3 40. Qb4 Rd4 (40... h4 $142
41. R3c4 h3 42. Qxd2 Rxd2 $19) 41. Rc8+ $11 Kh7 42. Rh8+ Kxh8 43. Qf8+ Kh7 44.
Qxf7+ Kh8 45. Qf8+ 1/2-1/2

[Event "SR 2. liga A 2015/2016"]
[Site "?"]
[Date "2015.10.17"]
[Round "1.1"]
[White "Sosna, Jan"]
[Black "Klemanic, Emil"]
[Result "1/2-1/2"]
[WhiteElo "2340"]
[BlackElo "2131"]
[PlyCount "59"]
[EventDate "2015.??.??"]

1. d4 g6 2. e4 Bg7 3. Nc3 d6 4. Bc4 Nf6 5. Nf3 c6 6. Qe2 O-O 7. Bg5 b5 8. Bd3
b4 9. Nd1 Qa5 10. O-O Ba6 11. a3 Bxd3 12. Qxd3 c5 13. dxc5 Qxc5 14. Be3 Qa5 15.
Nd4 Ng4 16. h3 Ne5 17. Qb3 Nbc6 18. Nxc6 Nxc6 19. Qd5 Qc7 20. Qd2 a5 21. Bh6
Bxh6 22. Qxh6 Nd4 23. Ne3 Nxc2 24. Rac1 b3 25. Rfd1 Qb7 26. Nd5 Rfc8 27. h4 Rc4
28. f3 Ra7 29. h5 Qc8 30. hxg6 1/2-1/2

[Event "SR 2. liga A 2015/2016"]
[Site "?"]
[Date "2015.10.17"]
[Round "1.1"]
[White "Gabris, Ondrej"]
[Black "Mudrak, Josef"]
[Result "1/2-1/2"]
[WhiteElo "2205"]
[BlackElo "2290"]
[PlyCount "177"]
[EventDate "2015.??.??"]

1. e4 e5 2. Nf3 d6 3. d4 exd4 4. Bc4 Nc6 5. c3 Nf6 6. Qb3 d5 7. exd5 Na5 8.
Qa4+ c6 9. dxc6 bxc6 10. O-O Be7 11. Nxd4 Bd7 12. Nb3 Nxc4 13. Qxc4 O-O 14. Be3
Be6 15. Qa4 Ng4 16. Bf4 g5 17. Bg3 c5 18. Na3 Qc8 19. Rad1 Rd8 20. Nc4 Qc7 21.
Rfe1 Rxd1 22. Rxd1 Qe5 23. Nb6 Qe2 24. Nc1 Qxd1+ 25. Qxd1 axb6 26. h3 Nf6 27.
Qf3 Bd5 28. Qf5 h6 29. h4 Be6 30. Qf3 Rd8 31. Qe2 Kf8 32. f3 b5 33. Nb3 Bc4 34.
Qe3 Nh5 35. Bc7 Rd7 36. Bb8 Rd1+ 37. Kh2 Bxb3 38. axb3 Rd8 39. Qe5 f6 40. Qc7
gxh4 41. Qb7 b4 42. Bc7 Rd2 43. Qc8+ Kf7 44. Qg4 Ng7 45. Qc4+ Kg6 46. Qe4+ Kf7
47. f4 Rxb2 48. cxb4 cxb4 49. Ba5 f5 50. Qc4+ Ne6 51. Qd5 Rf2 52. Qxf5+ Bf6 53.
Qh5+ Kg7 54. Qg4+ Kf7 55. Bc7 Nxc7 56. Qd7+ Be7 57. Qxc7 Rd2 58. Qc1 Rd4 59.
Qe3 Rd6 60. Qe4 Rf6 61. Kh3 Kf8 62. Kg4 Rd6 63. Qh7 Ke8 64. Qf5 Rf6 65. Qc8+
Kf7 66. Qc4+ Kf8 67. f5 Ke8 68. Kf4 Kf8 69. Ke5 Ke8 70. Qc8+ Kf7 71. Qh8 Rb6
72. Qh7+ Kf8 73. Qh8+ Kf7 74. Qc8 Rf6 75. Qd7 Rb6 76. Qa7 Rf6 77. Qb7 Kf8 78.
Qd5 Rb6 79. Qa5 Rf6 80. Qa8+ Kf7 81. Qd5+ Kf8 82. Qa8+ Kf7 83. Qd5+ Kf8 84.
Qa8+ Kf7 85. Qd5+ Kf8 86. Qa8+ Kf7 87. Qf3 Kf8 88. Qa8+ Kf7 89. Qd5+ 1/2-1/2

[Event "SR 2. liga A 2015/2016"]
[Site "?"]
[Date "2015.10.17"]
[Round "1.1"]
[White "Kapusta, Petr"]
[Black "Madar, Martin"]
[Result "1-0"]
[WhiteElo "2098"]
[BlackElo "2142"]
[PlyCount "67"]
[EventDate "2015.??.??"]

1. e4 d6 2. d4 g6 3. Be3 Bg7 4. Nc3 Nf6 5. Qd2 h5 6. h3 c6 7. Nf3 b5 8. Bd3
Nbd7 9. e5 dxe5 10. dxe5 b4 11. Ne2 Nd5 12. e6 Ne5 13. exf7+ Kxf7 14. Ng5+ Kg8
15. O-O Nxd3 16. Qxd3 Bf5 17. Qc4 Bf6 18. Rad1 Kg7 19. Qxc6 Nxe3 20. Rxd8 Raxd8
21. fxe3 Bxg5 22. Nf4 Rd6 23. Qa4 e5 24. Qxb4 Rhd8 25. Qc3 Bf6 26. Nxh5+ gxh5
27. Rxf5 Rd1+ 28. Rf1 Rxf1+ 29. Kxf1 Rf8 30. Ke2 e4 31. Qb4 Re8 32. Qb5 Re5 33.
Qa6 Rg5 34. Qb7+ 1-0

[Event "SR 2. liga A 2015/2016"]
[Site "?"]
[Date "2015.10.17"]
[Round "1.1"]
[White "Hartl, Jan"]
[Black "Londin, Martin"]
[Result "1-0"]
[WhiteElo "2032"]
[BlackElo "1956"]
[PlyCount "139"]
[EventDate "2015.??.??"]

1. e4 e5 2. Nf3 Nc6 3. Bc4 Nf6 4. d3 Bc5 5. O-O d6 6. c3 O-O 7. h3 Be6 8. Bb3
Qd7 9. Be3 Bb6 10. Re1 Rae8 11. Bxb6 axb6 12. Nbd2 Ne7 13. d4 exd4 14. cxd4
Bxb3 15. Qxb3 Ng6 16. Rac1 Re7 17. Nh2 Rfe8 18. f3 Nf4 19. Ndf1 N6h5 20. Ng4 b5
21. Kh2 c6 22. g3 Nd5 23. Red1 Nb6 24. Nfe3 Re6 25. e5 Rg6 26. d5 dxe5 27. dxc6
Qc7 28. cxb7 Qxb7 29. Qxb5 Qb8 30. Nf5 Rg5 31. Nd6 Rf8 32. Rc6 Nd7 33. Qxb8
Nxb8 34. Rc7 f5 35. h4 Rg6 36. Nxe5 Rxg3 37. Nxf5 Rxf5 38. Rd8+ Rf8 39. Rcc8
Nd7 40. Nxd7 Rxd8 41. Rxd8+ Kf7 42. Ne5+ Ke6 43. Re8+ Kd5 44. Ng4 Kd4 45. Re5
Rxf3 46. Rxh5 h6 47. Rb5 Rd3 48. a4 Rd2+ 49. Kg3 Rd3+ 50. Kf4 Rh3 51. h5 Rh1
52. a5 Rf1+ 53. Kg3 Rg1+ 54. Kf3 Kc4 55. Rb7 Rh1 56. Ne3+ Kc5 57. b4+ Kc6 58.
Rb6+ Kd7 59. Rb5 Kc6 60. Rc5+ Kb7 61. b5 Rh3+ 62. Ke4 Rh4+ 63. Kd3 Rh3 64. Re5
Kb8 65. Kd4 g5 66. hxg6 Rg3 67. Re6 h5 68. b6 Kc8 69. a6 h4 70. b7+ 1-0

[Event "SR 2. liga A 2015/2016"]
[Site "?"]
[Date "2015.10.17"]
[Round "1.1"]
[White "Vepy, Ivan"]
[Black "Kajan, Milan"]
[Result "1-0"]
[WhiteElo "1938"]
[BlackElo "1993"]
[PlyCount "85"]
[EventDate "2015.??.??"]

1. e4 e6 2. d4 c5 3. Nf3 cxd4 4. Nxd4 Nc6 5. Nxc6 bxc6 6. Bd3 Bc5 7. O-O Ne7 8.
Nc3 O-O 9. Bg5 f6 10. Bd2 d5 11. Na4 Bd6 12. Qe2 c5 13. exd5 exd5 14. c3 c4 15.
Bc2 Bf5 16. Bxf5 Nxf5 17. Qe6+ Rf7 18. Qxf5 Rb8 19. Be3 Rb5 20. Rfd1 Ra5 21.
Qc2 Qc7 22. h3 f5 23. f3 Qd7 24. b3 Rf6 25. Nb2 f4 26. Bd4 Rg6 27. Kh2 Qe7 28.
Re1 Qg5 29. Qf2 Kf7 30. bxc4 Ba3 31. Re2 Be7 32. Nd3 Rh6 33. Rae1 Bd6 34. c5
Qg3+ 35. Qxg3 fxg3+ 36. Kg1 Bf8 37. Ne5+ Kg8 38. Nd7 Rh5 39. Nxf8 Kxf8 40. Re8+
Kf7 41. R1e7+ Kg6 42. Rxg7+ Kh6 43. Re6# 1-0

[Event "SR 2. liga A 2015/2016"]
[Site "?"]
[Date "2015.10.17"]
[Round "1.1"]
[White "Srna, Jan"]
[Black "Vogl, Zdenek"]
[Result "1/2-1/2"]
[WhiteElo "1936"]
[BlackElo "1906"]
[PlyCount "90"]
[EventDate "2015.??.??"]

1. d4 Nf6 2. Nf3 e6 3. b3 b6 4. Bb2 Bb7 5. e3 Be7 6. Bd3 d5 7. O-O O-O 8. c4 c5
9. a3 Ne4 10. Nc3 f5 11. Ne5 Nd7 12. Bxe4 dxe4 13. Nxd7 Qxd7 14. dxc5 Qc6 15.
cxb6 Rfd8 16. Qc2 axb6 17. Nb5 Bc5 18. Qc3 Qd7 19. Rad1 Qf7 20. Qe5 Rd7 21.
Rxd7 Qxd7 22. Qc7 Bc6 23. Qxd7 Bxd7 24. b4 Be7 25. Rd1 Bc6 26. Nc7 Rc8 27. Nxe6
Ba4 28. Rc1 g6 29. c5 Kf7 30. Nf4 bxc5 31. bxc5 Rxc5 32. Rxc5 Bxc5 33. Kf1 Bb5+
34. Ke1 Bc4 35. Ne2 Ke6 36. Nd4+ Kd5 37. Kd2 Bb6 38. Bc3 h5 39. g3 Ba6 40. Ne2
g5 41. Bd4 Ba5+ 42. Nc3+ Kc4 43. Kc2 Bxc3 44. Bxc3 Bb5 45. Bf6 g4 1/2-1/2

[Event "SR 2. liga A 2015/2016"]
[Site "?"]
[Date "2015.10.17"]
[Round "1.1"]
[White "Hrubsa, Marian"]
[Black "Badura, Peter"]
[Result "0-1"]
[WhiteElo "1784"]
[BlackElo "1929"]
[PlyCount "142"]
[EventDate "2015.??.??"]

1. e4 c5 2. Nf3 d6 3. d4 cxd4 4. Nxd4 Nf6 5. Nc3 a6 6. Be2 e6 7. Be3 Be7 8. O-O
O-O 9. f4 b6 10. Bf3 Ra7 11. Qe1 Bb7 12. Qg3 Nc6 13. Qf2 Nd7 14. Rad1 Nxd4 15.
Bxd4 Qc7 16. Qg3 Bf6 17. Bxf6 Nxf6 18. Rd2 Qc5+ 19. Qf2 Qb4 20. Qd4 Qxd4+ 21.
Rxd4 Ne8 22. Rfd1 f6 23. Rb4 b5 24. a4 bxa4 25. Rb6 Rf7 26. Nxa4 Rc7 27. Nc3
Kf8 28. Rd2 Ke7 29. Kf2 Rc6 30. Rb3 Rc7 31. Rb6 g6 32. Re2 Kd7 33. Rd2 Rc4 34.
Be2 Rc6 35. Rb3 Nc7 36. e5 fxe5 37. fxe5 Ke7 38. exd6+ Rxd6 39. Rxd6 Kxd6 40.
Na4 Bc6 41. Rd3+ Ke5 42. Re3+ Kd6 43. Rd3+ Ke7 44. Nc5 Ra8 45. Rh3 h5 46. Rg3
Kd6 47. Rg5 Bd5 48. Nd3 Be4 49. Ra5 Rb8 50. b3 Rf8+ 51. Kg1 Rf5 52. Ra4 Bc6 53.
Rd4+ Ke7 54. Rc4 Kd6 55. Rd4+ Rd5 56. Rf4 Rg5 57. g3 Bd5 58. Rd4 e5 59. Nxe5
Kxe5 60. Rd2 Bc6 61. Bd3 h4 62. Kf2 hxg3+ 63. hxg3 Be8 64. c4 a5 65. Ra2 Kd4
66. Bb1 Re5 67. Rd2+ Kc3 68. Rd3+ Kb2 69. Rd1 Kxb3 70. Bd3 g5 71. Be2 Rxe2+ 0-1

[Event "SR 2. liga A 2015/2016"]
[Site "?"]
[Date "2015.10.17"]
[Round "1.1"]
[White "Silhar, Martin"]
[Black "Antalek, Rudolf"]
[Result "0-1"]
[WhiteElo "1752"]
[BlackElo "1664"]
[PlyCount "58"]
[EventDate "2015.??.??"]

1. Nf3 d6 2. e4 Nf6 3. d3 e5 4. g3 g6 5. Bg2 Bg7 6. O-O O-O 7. Nc3 Nc6 8. Ne1
Nh5 9. f4 exf4 10. gxf4 Bd4+ 11. Kh1 f5 12. Nf3 Bxc3 13. bxc3 fxe4 14. Ng5 exd3
15. Bd5+ Kh8 16. Qxd3 Bf5 17. Qc4 Qd7 18. Be3 Nf6 19. Rae1 Nxd5 20. Qxd5 Rae8
21. c4 h6 22. Nf3 Qf7 23. Bd4+ Kg8 24. Qb5 Be4 25. Bc3 Qxf4 26. Rxe4 Qxe4 27.
Qd5+ Qxd5 28. cxd5 Ne5 29. Rg1 Rxf3 0-1

[Event "SR 2. liga A 2015/2016"]
[Site "?"]
[Date "2015.10.17"]
[Round "1.2"]
[White "Lanc, Alois"]
[Black "Slacky, Stanislav"]
[Result "1-0"]
[WhiteElo "2284"]
[BlackElo "2204"]
[PlyCount "79"]
[EventDate "2015.??.??"]

1. e4 Nf6 2. e5 Nd5 3. d4 d6 4. c4 Nb6 5. exd6 exd6 6. Nc3 Nc6 7. d5 Ne5 8. f4
Ng4 9. Be2 a6 10. Nf3 Be7 11. O-O O-O 12. h3 Nh6 13. g4 Kh8 14. b3 Bf6 15. Bb2
Qe7 16. Qd2 Re8 17. Rae1 Bh4 18. Nxh4 Qxh4 19. Bf3 Bd7 20. Rxe8+ Rxe8 21. Qg2
Bc8 22. Ne4 f5 23. Nf2 fxg4 24. hxg4 Nd7 25. Qh2 Qxh2+ 26. Kxh2 Nc5 27. b4 Na4
28. Bd4 Bd7 29. c5 Bb5 30. Rc1 dxc5 31. bxc5 Nf7 32. Kg3 Kg8 33. g5 Rd8 34. Ng4
b6 35. cxb6 Nxb6 36. Ne3 Nd6 37. Rxc7 Nbc4 38. Rxg7+ Kf8 39. Rxh7 Nxe3 40. Bxe3
1-0

[Event "SR 2. liga A 2015/2016"]
[Site "?"]
[Date "2015.10.17"]
[Round "1.2"]
[White "Bronis, Marian"]
[Black "Kavon, Rastislav"]
[Result "1-0"]
[WhiteElo "2148"]
[BlackElo "2183"]
[PlyCount "55"]
[EventDate "2015.??.??"]

1. d4 Nf6 2. c4 g6 3. Nc3 Bg7 4. e4 d6 5. f3 O-O 6. Be3 e5 7. d5 Nh5 8. Qd2 f5
9. O-O-O Nd7 10. Bd3 Qe8 11. Nb5 Qd8 12. Nc3 a6 13. exf5 gxf5 14. Bxf5 Rxf5 15.
g4 Rf7 16. gxh5 Nf6 17. h6 Bf8 18. Qg2+ Kh8 19. Nh3 Bxh3 20. Qxh3 b5 21. Ne4
Nxe4 22. fxe4 bxc4 23. Rdf1 Qe8 24. Rxf7 Qxf7 25. Rf1 Qg6 26. Rg1 Qf6 27. Bg5
Qf7 28. Qe6 1-0